000 01409nam0a2200349 4500
001 RU\NLR\BIBL_A\012662027
005 20220928090007.0
010 _a978-5-4461-1834-2
_91000
021 _aRU
_bКН-П-21-053316
_9КН-П-21-4183
035 _a(NLR Aleph) 012662027
090 _a12758658
_c12758658
100 _a20211209d2021 k y0rusy50 ca
101 0 _arus
102 _aRU
105 _aac||z|||000zy
181 0 _ai3
_bab2e
182 0 _an
200 1 _aТуристический сувенир
_eот идеи до туриста
_fГеннадий Шаталов, Вероника Косых
203 _aТекст
_bвизуальный
_cнепосредственный
210 _aСанкт-Петербург [и др.]
_cПитер
_d2021
215 _a351, [1] с.
_cил., портр.
_d24
225 1 _aСерия "Бизнес-психология"
320 _aБиблиогр. в конце кн. (4 назв.)
333 _a16+
606 1 _aСувениры
_91702755
_3RU\NLR\AUTH\661056047
686 1 _aМ772.38
700 1 _7ca
_8rus
_aШаталов
_bГ. В.
_cспециалист в обл. связей с общественностью
_f1966-
_gГеннадий Васильевич
_9101463
_3RU\NLR\AUTH\77118538
701 1 _aКосых
_bВ.
_gВероника
942 _cBOOK
980 _aNB